[Event "Mitropa Cup Women 2019"]
[Site "Radenci"]
[Date "2019.06.03"]
[Round "8.11"]
[White "Koubova, Anna Marie"]
[Black "Urh, Zala"]
[Result "1-0"]
[WhiteElo "1975"]
[BlackElo "2099"]
[Annotator "NA"]
[PlyCount "75"]
[EventDate "2019.05.27"]
[EventType "team-tourn"]
[EventCountry "SLO"]
[SourceTitle "playchess.com"]
[Source "ChessBase"]
[SourceQuality "1"]
[WhiteTeam "Czech Republic"]
[BlackTeam "Slovenia"]
[WhiteTeamCountry "CZE"]
[BlackTeamCountry "SLO"]
[TimeControl "40/5400+30:1800+30"]

1. d4 {[%emt 0:00:00]} Nf6 {[%emt 0:00:00]} 2. c4 {[%emt 0:00:00]} e6 {[%emt 0:00:00]} 3. Nf3 {[%emt 0:00:00]} d5 {[%emt 0:00:00]} 4. g3 {[%emt 0:00:00]} Be7 {[%emt 0:00:00]} 5. Bg2 {[%emt 0:00:04]} O-O {[%emt 0:00:05]} 6. O-O {[%emt 0:00:08]} dxc4 {[%emt 0:00:09]} 7. Ne5 {[%emt 0:00:08]} Nc6 {[%emt 0:00:50]} 8. Nxc6 {[%emt 0:00:06]} bxc6 {[%emt 0:00:04]} 9. Na3 {[%emt 0:00:08]} Rb8 {[%emt 0:06:09] E05: Open Catalan: 5 Nf3 Be7} (9... Bxa3 10. bxa3 Ba6 11. Qa4 Bb5 12. Qc2 Qxd4 13. Bb2 Qc5 14. Rfd1 Rfd8 15. a4 Ba6 16. Qc3 h6 17. Ba3 Qf5 18. Bxc6 Rab8 {½-½ (40) Nakamura,H (2777)-So,W (2780) chess.com INT 2018}) 10. Nxc4 {[%emt 0:03:55]} Bb7 $146 {[%emt 0:02:36]} ({Predecessor:} 10... Rb4 11. b3 Bd7 12. Qc2 c5 13. dxc5 Bxc5 14. Rd1 Qe7 15. Bb2 Rd8 16. Ne5 Bd6 17. Rac1 {1-0 (42) Blomqvist,E (2545)-Bracker,F (2427) Fornebu 2016}) 11. Na5 {[%emt 0:05:40]} Nd5 {[%emt 0:01:55]} 12. Qc2 {[%emt 0:06:19]} Qd7 {[%emt 0:11:56]} 13. a3 {[%emt 0:01:32]} h5 {[%emt 0:09:09]} 14. b4 {[%emt 0:02:30]} h4 {[%emt 0:01:04]} 15. Bb2 {[%emt 0:00:28]} hxg3 {[%emt 0:00:56]} 16. hxg3 {[%emt 0:00:08]} Ba8 {[%emt 0:12:05]} 17. Nc4 {[%emt 0:08:44]} Qe8 {[%emt 0:06:10]} 18. Rac1 {[%emt 0:04:36]} Rb5 {[%emt 0:08:40]} 19. Rfd1 {[%emt 0:04:46]} Bg5 {[%emt 0:04:36]} 20. e3 {[%emt 0:01:20]} Rb8 {[%emt 0:00:18]} 21. Re1 {[%emt 0:06:01]} Rb5 {[%emt 0:02:14]} 22. Ne5 {[%emt 0:02:45]} Rb6 {[%emt 0:00:29]} 23. Qa4 {[%emt 0:00:55]} f6 {[%emt 0:02:53]} 24. Nf3 {[%emt 0:02:00]} a6 {[%emt 0:04:00]} 25. Rc5 {[%emt 0:04:15]} Bh6 {[%emt 0:01:56]} 26. e4 {[%emt 0:01:56]} Ne7 {[%emt 0:00:20]} 27. Bh3 {[%emt 0:01:32]} f5 {[%emt 0:13:42]} 28. Qb3 {[%emt 0:01:33]} f4 $18 {[%emt 0:05:22]} 29. Bxe6+ {[%emt 0:07:28]} Kh8 {[%emt 0:01:03]} 30. Ne5 {[%emt 0:00:18]} fxg3 {[%emt 0:01:05]} 31. fxg3 {[%emt 0:00:27]} Rf6 {[%emt 0:01:29]} 32. Ng4 {[%emt 0:06:43]} Rf8 {[%emt 0:01:00]} 33. Nxh6 {[%emt 0:04:30]} gxh6 {[%emt 0:00:01]} 34. d5+ {[%emt 0:00:23]} Kh7 {[%emt 0:00:06]} 35. Qc3 {[%emt 0:00:12]} Qg6 {[%emt 0:01:25]} 36. Bf5 {[%emt 0:00:14]} Nxf5 {[%emt 0:00:06]} 37. exf5 {[%emt 0:00:06]} Qg5 {[%emt 0:01:40]} 38. Re6 {[%emt 0:03:53]} 1-0

[Event "Mitropa Cup Women 2019"]
[Site "Radenci"]
[Date "2019.06.03"]
[Round "8.12"]
[White "Hercog, Nusa"]
[Black "Pribylova, Sofie"]
[Result "1-0"]
[WhiteElo "2062"]
[BlackElo "2069"]
[Annotator "NA"]
[PlyCount "87"]
[EventDate "2019.05.27"]
[EventType "team-tourn"]
[EventCountry "SLO"]
[SourceTitle "playchess.com"]
[Source "ChessBase"]
[SourceQuality "1"]
[WhiteTeam "Slovenia"]
[BlackTeam "Czech Republic"]
[WhiteTeamCountry "SLO"]
[BlackTeamCountry "CZE"]
[TimeControl "40/5400+30:1800+30"]

1. d4 {[%emt 0:00:00]} Nf6 {[%emt 0:00:00]} 2. c4 {[%emt 0:00:00]} g6 {[%emt 0:00:00]} 3. Nc3 {[%emt 0:00:00]} d5 {[%emt 0:00:10]} 4. Bf4 {[%emt 0:00:09]} Bg7 {[%emt 0:00:36]} 5. e3 {[%emt 0:00:14]} O-O {[%emt 0:00:44]} 6. Rc1 {[%emt 0:00:25]} c6 {[%emt 0:11:13]} 7. Nf3 {[%emt 0:00:51]} b6 {[%emt 0:02:04]} 8. Bd3 {[%emt 0:12:40]} Bb7 {[%emt 0:04:31]} 9. O-O {[%emt 0:02:19] D93: Grünfeld: 4 Nf3 Bg7 5 Bf4 0-0 6 e3} dxc4 {[%emt 0:03:40]} 10. Bxc4 {[%emt 0:00:14]} Nbd7 {[%emt 0:00:11]} 11. Qb3 $146 {[%emt 0:07:23]} ({Predecessor:} 11. h3 b5 12. Be2 Qb6 13. Qc2 a6 14. Rfd1 Nh5 15. Ne5 Nxe5 16. Bxe5 {1-0 (49) Buttell,D (1758)-Runarsson,G (1937) Porto Carras 2018}) 11... e6 {[%emt 0:00:43]} 12. Bd6 {[%emt 0:19:46]} Re8 {[%emt 0:00:11]} 13. Rfd1 {[%emt 0:06:20]} Nd5 {[%emt 0:03:56]} 14. e4 {[%emt 0:04:23]} Nxc3 {[%emt 0:01:20]} 15. bxc3 {[%emt 0:00:33]} Bh6 {[%emt 0:05:30]} 16. Ra1 {[%emt 0:02:05]} Qc8 {[%emt 0:03:29]} 17. e5 {[%emt 0:03:27]} c5 {[%emt 0:01:51]} 18. Be2 {[%emt 0:02:00]} cxd4 {[%emt 0:04:40]} 19. cxd4 {[%emt 0:01:14]} Bd5 {[%emt 0:03:02]} 20. Qa3 {[%emt 0:03:40]} Nb8 {[%emt 0:02:32]} 21. h3 {[%emt 0:02:55]} Nc6 {[%emt 0:02:00]} 22. Nh2 {[%emt 0:03:08]} Qd8 {[%emt 0:05:14]} 23. Ng4 {[%emt 0:00:56]} Bg5 {[%emt 0:01:29]} 24. Ne3 {[%emt 0:08:16]} f5 {[%emt 0:04:41]} 25. Nxd5 {[%emt 0:01:06]} exd5 {[%emt 0:00:05]} 26. Bb5 {[%emt 0:01:00]} Rc8 {[%emt 0:01:48]} 27. Ba6 {[%emt 0:02:04]} Na5 {[%emt 0:01:53]} 28. Bxc8 {[%emt 0:00:23]} Qxc8 {[%emt 0:00:03]} 29. Bb4 {[%emt 0:03:19]} Nc4 $18 {[%emt 0:01:19]} 30. Qg3 {[%emt 0:05:58]} Qd8 {[%emt 0:01:02]} 31. f4 {[%emt 0:00:41]} Bh4 {[%emt 0:01:22]} 32. Qf3 {[%emt 0:00:28]} a5 {[%emt 0:02:34]} 33. Ba3 {[%emt 0:01:09]} Qd7 {[%emt 0:01:36]} 34. g3 {[%emt 0:01:35]} Bd8 {[%emt 0:02:24]} 35. Rac1 {[%emt 0:00:54]} Qa4 {[%emt 0:00:42]} 36. Qxd5+ {[%emt 0:00:49]} Kg7 {[%emt 0:01:02]} 37. Qxc4 {[%emt 0:00:13]} Qxa3 {[%emt 0:00:09]} 38. Qb3 {[%emt 0:00:19]} Qe7 {[%emt 0:00:49]} 39. d5 {[%emt 0:01:19]} g5 {[%emt 0:00:19]} 40. d6 {[%emt 0:00:00]} Qd7 {[%emt 0:00:00]} 41. Qc3 {[%emt 0:06:28]} Kh6 {[%emt 0:01:49]} 42. Qc6 {[%emt 0:02:34]} Qf7 {[%emt 0:01:18]} 43. d7+ {[%emt 0:00:19]} Re6 {[%emt 0:00:23]} 44. Qxe6+ {[%emt 0:00:36]} 1-0

[Event "Mitropa Cup Women 2019"]
[Site "Radenci"]
[Date "2019.06.03"]
[Round "8.13"]
[White "Medic, Mirjana"]
[Black "Navrotescu, Andreea-Cristiana"]
[Result "0-1"]
[WhiteElo "2253"]
[BlackElo "2233"]
[Annotator "TA"]
[PlyCount "84"]
[EventDate "2019.05.27"]
[EventType "team-tourn"]
[EventCountry "SLO"]
[SourceTitle "playchess.com"]
[Source "ChessBase"]
[SourceQuality "1"]
[WhiteTeam "Croatia"]
[BlackTeam "France"]
[WhiteTeamCountry "CRO"]
[BlackTeamCountry "FRA"]

{[%evp 18,84,41,25,47,35,76,0,11,0,0,-3,-1,-15,0,-13,-2,-21,7,7,7,-60,-58,-174,-109,-96,-99,-189,-163,-176,-64,-56,-59,-114,-54,-44,-50,-225,-226,-189,-227,-272,-270,-254,-279,-247,-216,-198,-117,-128,-122,-127,-41,-61,-10,-181,-169,-267,-262,-396,-381,-588,-563,-1730,-1687,-1619,-1522,-29988,-29989]} 1. d4 f5 2. Nf3 Nf6 3. g3 g6 4. Bg2 Bg7 5. O-O O-O 6. b3 d6 7. Bb2 c6 8. c4 a5 9. Nc3 Qc7 10. d5 e5 {A88: Dutch Defence: Leningrad System: 5 Nf3 0-0 6 0-0 d6 7 Nc3 c6} (10... Na6 11. Nd4 Bd7 12. e4 fxe4 13. Nxe4 Nxe4 14. Bxe4 Qb6 15. Rb1 Rf7 16. Qd2 Nc7 17. Nf3 Bxb2 18. Rxb2 cxd5 19. cxd5 {0-1 (55) Lesiege,A (2521)-Vovk,A (2633) chess.com INT 2017}) 11. dxe6 Bxe6 12. Nd4 (12. Ng5 $16 Re8 13. Ba3 (13. Nxe6 Rxe6 14. Rc1 Qd8 $11)) 12... Bf7 $11 {The position is equal.} 13. Rc1 $146 ({Predecessor:} 13. Qc2 Na6 14. Rad1 Rad8 15. e4 fxe4 16. Nxe4 Nxe4 17. Bxe4 d5 18. cxd5 {0-1 (32) Grotnes,N (2291)-Grivas,E (2489) Panormo 2001}) 13... Na6 14. Rc2 Nc5 15. Re1 Rae8 16. Bc1 h6 17. h4 Nce4 18. Nxe4 fxe4 19. Bh3 ({White should try} 19. e3 $11) 19... e3 $1 $15 20. f4 (20. Bxe3 $15 Rxe3 21. fxe3) 20... Ne4 (20... Nh5 $19 21. Kh2 g5 $1 {[%mdl 512]} 22. hxg5 hxg5) 21. Bxe3 $17 Nxg3 22. Bf2 (22. Bc1 $17 {was necessary.}) 22... Ne4 $19 23. e3 c5 (23... d5 $19 24. h5 g5) 24. Nb5 $15 Qe7 25. h5 (25. Bg2 $15 Rd8 26. Bxe4 Qxe4 27. Nc3 Bxc3 28. Rxc3) 25... Kh8 (25... gxh5 $6 26. Bf5 $11) (25... g5 $1 $17 {[%cal Rg5f4]} 26. Bf5 gxf4) 26. Bg2 Rd8 $1 27. Bh4 $2 (27. Bxe4 $15 Qxe4 28. Rd2) 27... g5 $1 $19 {[%cal Rg5h4]} ({Stronger than} 27... Qxh4 28. Bxe4 gxh5 29. Rh2 $11 (29. Bxb7 Rg8 $15)) 28. fxg5 hxg5 29. Bxe4 gxh4 30. Qg4 Be5 {Hoping for ...Be6.} 31. Rg2 Rg8 32. Bg6 Be6 ({Better is} 32... Bg3 $19 33. Rxg3 hxg3) 33. Qg5 $17 Qxg5 34. Rxg5 Bf6 (34... Kg7 $17 {Strongly threatening ...Kh6.} 35. Nc7 Bh3 36. Be8+ Kh7 37. Rxg8 Kxg8) 35. Rg2 $15 {[#]} h3 (35... a4 $1 $15 {[%mdl 512]}) 36. Rf1 $2 {[#]} (36. Nc7 $1 $11 {and White stays safe.} hxg2 37. Nxe6) 36... Be5 $1 $36 {[%mdl 2048] Black is in control.} ({Resist} 36... hxg2 37. Rxf6 Bh3 38. Rf3 $15) 37. Rgf2 (37. Rg5 $142) 37... d5 38. Na3 (38. Rf5 $142 Bxf5 39. Rxf5) 38... d4 39. e4 (39. exd4 $142 Bxd4 40. Kh2 Bxf2 41. Rxf2) 39... d3 40. Nb5 d2 41. Rd1 {[#]} Bg4 $1 {[%mdl 512]} 42. Rf7 Rg7 {Accuracy: White = 15%, Black = 55%.} 0-1

[Event "Mitropa Cup Women 2019"]
[Site "Radenci"]
[Date "2019.06.03"]
[Round "8.14"]
[White "Afraoui, Anaelle"]
[Black "Cvitan, Ena"]
[Result "0-1"]
[WhiteElo "2068"]
[BlackElo "2132"]
[Annotator "RC"]
[PlyCount "126"]
[EventDate "2019.05.27"]
[EventType "team-tourn"]
[EventCountry "SLO"]
[SourceTitle "playchess.com"]
[Source "ChessBase"]
[SourceQuality "1"]
[WhiteTeam "France"]
[BlackTeam "Croatia"]
[WhiteTeamCountry "FRA"]
[BlackTeamCountry "CRO"]
[TimeControl "40/5400+30:1800+30"]

1. e4 {[%emt 0:00:00]} c6 {[%emt 0:00:00]} 2. Nc3 {[%emt 0:00:00]} d5 {[%emt 0:00:02]} 3. Nf3 {[%emt 0:00:17]} dxe4 {[%emt 0:00:21]} 4. Nxe4 {[%emt 0:00:17]} Nf6 {[%emt 0:00:02]} 5. Qe2 {[%emt 0:01:02]} Nxe4 {[%emt 0:00:49]} 6. Qxe4 {[%emt 0:00:12]} Qa5 {[%emt 0:00:01]} 7. Bc4 {[%emt 0:01:26]} Bf5 {[%emt 0:00:03]} 8. Qf4 {[%emt 0:05:24]} e6 {[%emt 0:00:07]} 9. O-O {[%emt 0:04:28]} Bxc2 {[%emt 0:16:57]} 10. Nd4 {[%emt 0:21:50]} Bg6 {[%emt 0:03:25]} 11. Re1 {[%emt 0:06:01]} Be7 {[%emt 0:02:23]} 12. Bxe6 {[%emt 0:08:25]} O-O {[%emt 0:08:12]} 13. Bb3 {[%emt 0:11:19]} Bf6 {[%emt 0:05:46]} 14. Nf3 {[%emt 0:00:59]} c5 {[%emt 0:18:44]} 15. Bd5 {[%emt 0:07:26]} Qb6 {[%emt 0:07:18]} 16. Nh4 {[%emt 0:03:46]} Nc6 {[%emt 0:04:44]} 17. Nxg6 {[%emt 0:00:41]} hxg6 {[%emt 0:00:02]} 18. d3 {[%emt 0:01:13]} Nb4 {[%emt 0:01:07]} 19. Qc4 {[%emt 0:05:05]} Rad8 {[%emt 0:00:53]} 20. Be4 {[%emt 0:01:07]} Rd4 {[%emt 0:01:59]} 21. Qb3 {[%emt 0:01:01]} Nxd3 {[%emt 0:08:45]} 22. Bxd3 {[%emt 0:01:54]} Qxb3 {[%emt 0:00:17]} 23. axb3 {[%emt 0:00:08]} Rxd3 {[%emt 0:00:07]} 24. b4 {[%emt 0:01:02]} cxb4 {[%emt 0:06:52]} 25. Rxa7 {[%emt 0:01:20]} b6 {[%emt 0:02:55]} 26. g3 {[%emt 0:05:06]} Rc8 {[%emt 0:00:44]} 27. Kg2 {[%emt 0:01:37]} g5 {[%emt 0:01:42]} 28. Rb7 {[%emt 0:05:30]} Rd6 {[%emt 0:06:56]} 29. Be3 {[%emt 0:03:06]} Bxb2 {[%emt 0:00:21]} 30. Bxb6 {[%emt 0:00:34]} Bc3 {[%emt 0:00:22]} 31. Ree7 {[%emt 0:01:11]} b3 {[%emt 0:00:33]} 32. Be3 {[%emt 0:01:55]} Bf6 {[%emt 0:00:50]} 33. Re4 {[%emt 0:00:22]} b2 {[%emt 0:00:28]} 34. Reb4 {[%emt 0:00:03]} Rd1 {[%emt 0:01:53]} 35. h3 {[%emt 0:00:43]} Ra8 {[%emt 0:01:00]} 36. Kf3 {[%emt 0:00:48]} Raa1 {[%emt 0:00:17]} 37. Rxb2 {[%emt 0:00:06]} Bxb2 {[%emt 0:00:01]} 38. Rxb2 {[%emt 0:00:06]} f6 {[%emt 0:00:35]} 39. Rb7 {[%emt 0:00:30]} Rh1 {[%emt 0:00:50]} 40. Kg4 {[%emt 0:00:00]} Ra4+ {[%emt 0:00:00]} 41. Kf3 {[%emt 0:09:39]} Rxh3 {[%emt 0:02:15]} 42. Rd7 {[%emt 0:01:16]} Rh1 {[%emt 0:01:53]} 43. Kg2 {[%emt 0:00:20]} Rb1 {[%emt 0:02:34]} 44. Kf3 {[%emt 0:02:00]} g4+ {[%emt 0:00:47]} 45. Ke2 {[%emt 0:00:13]} Ra2+ {[%emt 0:02:45]} 46. Rd2 {[%emt 0:01:00]} Rxd2+ {[%emt 0:00:20]} 47. Bxd2 {[%emt 0:00:05]} Rb3 {[%emt 0:00:26]} 48. Be3 {[%emt 0:01:13]} Kf7 {[%emt 0:00:07]} 49. Ba7 {[%emt 0:00:36]} Rf3 {[%emt 0:00:52]} 50. Be3 {[%emt 0:00:14]} g5 {[%emt 0:00:23]} 51. Bd2 {[%emt 0:00:05]} Kg6 {[%emt 0:00:06]} 52. Kf1 {[%emt 0:00:42]} f5 {[%emt 0:00:19]} 53. Ba5 {[%emt 0:00:39]} f4 {[%emt 0:00:17]} 54. Kg2 {[%emt 0:02:41]} Kf5 {[%emt 0:00:12]} 55. Be1 {[%emt 0:02:17]} Rb3 {[%emt 0:00:46]} 56. Bd2 {[%emt 0:00:30]} Ke4 {[%emt 0:00:59]} 57. gxf4 {[%emt 0:03:09]} gxf4 {[%emt 0:00:09]} 58. Ba5 {[%emt 0:00:40]} Rb2 {[%emt 0:00:18]} 59. Bc3 {[%emt 0:00:03]} Rc2 {[%emt 0:00:09]} 60. Ba5 {[%emt 0:00:05]} Ra2 {[%emt 0:01:27]} 61. Bb6 {[%emt 0:01:13]} g3 {[%emt 0:04:00]} 62. Bc5 {[%emt 0:00:18]} gxf2 {[%emt 0:00:31]} 63. Bxf2 {[%emt 0:00:15]} Rb2 {[%emt 0:00:13]} 0-1

[Event "Mitropa Cup Women 2019"]
[Site "Radenci"]
[Date "2019.06.03"]
[Round "8.15"]
[White "Blazeka, Mihaela"]
[Black "Choisy, Mathilde"]
[Result "1/2-1/2"]
[WhiteElo "2118"]
[BlackElo "2113"]
[Annotator "RC"]
[PlyCount "81"]
[EventDate "2019.05.27"]
[EventType "team-tourn"]
[EventCountry "SLO"]
[SourceTitle "playchess.com"]
[Source "ChessBase"]
[SourceQuality "1"]
[WhiteTeam "Croatia"]
[BlackTeam "France"]
[WhiteTeamCountry "CRO"]
[BlackTeamCountry "FRA"]
[TimeControl "40/5400+30:1800+30"]

1. e4 {[%emt 0:00:06]} d6 {[%emt 0:00:00]} 2. d4 {[%emt 0:00:32]} Nf6 {[%emt 0:00:00]} 3. Nc3 {[%emt 0:02:14]} g6 {[%emt 0:00:00]} 4. Bc4 {[%emt 0:04:27]} Bg7 {[%emt 0:03:02]} 5. a4 {[%emt 0:02:54]} O-O {[%emt 0:04:23]} 6. Bb3 {[%emt 0:03:18]} Nc6 {[%emt 0:07:50]} 7. Nge2 {[%emt 0:02:43]} e5 {[%emt 0:07:43]} 8. dxe5 {[%emt 0:10:29]} dxe5 {[%emt 0:01:29]} 9. Bg5 {[%emt 0:00:37]} Qxd1+ {[%emt 0:19:00]} 10. Rxd1 {[%emt 0:00:22]} h6 {[%emt 0:04:08]} 11. Bh4 {[%emt 0:10:43]} a6 {[%emt 0:03:04]} 12. f3 {[%emt 0:03:03]} Re8 {[%emt 0:04:35]} 13. O-O {[%emt 0:02:01]} Nb4 {[%emt 0:04:22]} 14. Rd2 {[%emt 0:05:41]} Nd7 {[%emt 0:03:09]} 15. Rfd1 {[%emt 0:06:01]} Nc5 {[%emt 0:00:09]} 16. Rd8 {[%emt 0:18:16]} Be6 {[%emt 0:00:50]} 17. Bxe6 {[%emt 0:04:45]} Nxe6 {[%emt 0:00:51]} 18. R8d2 {[%emt 0:03:20]} Bf8 {[%emt 0:09:28]} 19. Nd5 {[%emt 0:01:00]} Nxd5 {[%emt 0:00:37]} 20. Rxd5 {[%emt 0:00:56]} Bg7 {[%emt 0:09:01]} 21. b4 {[%emt 0:03:14]} Bf8 {[%emt 0:05:47]} 22. Be1 {[%emt 0:05:57]} Rad8 {[%emt 0:02:13]} 23. Bc3 {[%emt 0:02:12]} f6 {[%emt 0:01:13]} 24. g3 {[%emt 0:03:24]} Kf7 {[%emt 0:00:20]} 25. Kf2 {[%emt 0:00:48]} h5 {[%emt 0:02:05]} 26. h4 {[%emt 0:02:17]} Bd6 {[%emt 0:01:33]} 27. Be1 {[%emt 0:00:50]} Bf8 {[%emt 0:00:29]} 28. c4 {[%emt 0:00:26]} c6 {[%emt 0:00:30]} 29. Rxd8 {[%emt 0:00:47]} Rxd8 {[%emt 0:00:03]} 30. Rxd8 {[%emt 0:00:08]} Nxd8 {[%emt 0:00:04]} 31. Nc1 {[%emt 0:00:51]} b5 {[%emt 0:04:31]} 32. axb5 {[%emt 0:00:20]} axb5 {[%emt 0:00:04]} 33. c5 {[%emt 0:00:54]} Ke6 {[%emt 0:01:18]} 34. Nd3 {[%emt 0:00:37]} Bh6 {[%emt 0:00:32]} 35. Bc3 {[%emt 0:00:21]} Nf7 {[%emt 0:02:10]} 36. f4 {[%emt 0:00:09]} Bg7 {[%emt 0:00:26]} 37. Kf3 {[%emt 0:00:20]} Nh6 {[%emt 0:00:27]} 38. Nf2 {[%emt 0:01:03]} Nf7 {[%emt 0:00:04]} 39. Nd3 {[%emt 0:00:48]} Nh6 {[%emt 0:00:03]} 40. Nf2 {[%emt 0:00:00]} Nf7 {[%emt 0:00:00]} 41. Nd3 {[%emt 0:02:28]} 1/2-1/2

[Event "Mitropa Cup Women 2019"]
[Site "Radenci"]
[Date "2019.06.03"]
[Round "8.16"]
[White "Djidjeli, Sarah"]
[Black "Spiranec, Noemi"]
[Result "0-1"]
[WhiteElo "2012"]
[BlackElo "2009"]
[Annotator "NA"]
[PlyCount "80"]
[EventDate "2019.05.27"]
[EventType "team-tourn"]
[EventCountry "SLO"]
[SourceTitle "playchess.com"]
[Source "ChessBase"]
[SourceQuality "1"]
[WhiteTeam "France"]
[BlackTeam "Croatia"]
[WhiteTeamCountry "FRA"]
[BlackTeamCountry "CRO"]
[TimeControl "40/5400+30:1800+30"]

1. e4 {[%emt 0:00:00]} c5 {[%emt 0:00:00]} 2. Nf3 {[%emt 0:00:00]} e6 {[%emt 0:00:00]} 3. d4 {[%emt 0:00:00]} cxd4 {[%emt 0:00:00]} 4. Nxd4 {[%emt 0:00:00]} a6 {[%emt 0:00:00]} 5. Bd3 {[%emt 0:00:00]} Nf6 {[%emt 0:00:12]} 6. O-O {[%emt 0:00:48]} e5 {[%emt 0:00:28]} 7. Nb3 {[%emt 0:00:38]} d6 {[%emt 0:00:08]} 8. c4 {[%emt 0:01:44]} Be7 {[%emt 0:00:11]} 9. Nc3 {[%emt 0:01:27]} O-O {[%emt 0:00:15]} 10. Qe2 {[%emt 0:01:19]} Nc6 {[%emt 0:01:07]} 11. Rd1 {[%emt 0:03:54]} Be6 {[%emt 0:10:19]} 12. h3 {[%emt 0:06:04]} Nd7 {[%emt 0:12:36]} 13. Be3 {[%emt 0:05:07]} Rc8 {[%emt 0:08:00]} 14. Nd5 {[%emt 0:07:23]} Bxd5 {[%emt 0:01:33]} 15. cxd5 $16 {[%emt 0:01:03]} Ncb8 {[%emt 0:05:15]} 16. Qd2 {[%emt 0:04:33]} h6 {[%emt 0:04:52]} 17. a4 {[%emt 0:03:35]} b6 {[%emt 0:01:57]} 18. Qe2 {[%emt 0:02:51]} a5 {[%emt 0:00:46]} 19. Nd2 {[%emt 0:07:28]} Bg5 {[%emt 0:01:57]} 20. Bxg5 {[%emt 0:04:51]} hxg5 {[%emt 0:00:47]} 21. Nc4 {[%emt 0:03:22]} Nc5 {[%emt 0:00:35]} 22. Ra3 {[%emt 0:03:50]} g6 {[%emt 0:03:33]} 23. Rb1 {[%emt 0:03:53]} Qc7 {[%emt 0:05:26]} 24. Ne3 {[%emt 0:03:11]} Nbd7 {[%emt 0:03:19]} 25. Re1 {[%emt 0:12:27]} Nf6 {[%emt 0:04:30]} 26. Ng4 {[%emt 0:02:54]} Nxg4 {[%emt 0:01:40]} 27. Qxg4 {[%emt 0:00:13]} Qe7 {[%emt 0:00:45]} 28. Bb5 {[%emt 0:04:59]} f5 {[%emt 0:05:31]} 29. exf5 {[%emt 0:00:32]} gxf5 {[%emt 0:00:01]} 30. Qh5 {[%emt 0:01:18]} Rf7 {[%emt 0:00:25]} 31. Rg3 {[%emt 0:05:47]} Rg7 {[%emt 0:00:17]} 32. Qd1 {[%emt 0:05:00]} Rf8 {[%emt 0:02:43]} 33. Rc3 {[%emt 0:02:09]} g4 {[%emt 0:04:38]} 34. hxg4 {[%emt 0:01:59]} fxg4 {[%emt 0:00:02]} 35. Rg3 {[%emt 0:01:54]} Qh4 {[%emt 0:00:27]} 36. Ree3 {[%emt 0:00:46]} Rf6 {[%emt 0:00:15]} 37. Be2 {[%emt 0:00:28]} Rh6 {[%emt 0:00:14]} 38. Rh3 {[%emt 0:00:54]} gxh3 {[%emt 0:00:02]} 39. Bf3 {[%emt 0:00:29]} hxg2 {[%emt 0:00:12]} 40. Bxg2 {[%emt 0:00:00]} Qh1# {[%emt 0:00:00]} 0-1

[Event "Mitropa Cup Women 2019"]
[Site "Radenci"]
[Date "2019.06.04"]
[Round "9.1"]
[White "Unuk, Laura"]
[Black "Medic, Mirjana"]
[Result "1-0"]
[WhiteElo "2265"]
[BlackElo "2253"]
[Annotator "TA"]
[PlyCount "93"]
[EventDate "2019.05.27"]
[EventType "team-tourn"]
[EventCountry "SLO"]
[SourceTitle "playchess.com"]
[Source "ChessBase"]
[SourceQuality "1"]
[WhiteTeam "Slovenia"]
[BlackTeam "Croatia"]
[WhiteTeamCountry "SLO"]
[BlackTeamCountry "CRO"]

{[%evp 15,93,25,30,33,42,35,63,64,69,55,67,51,58,50,99,88,117,123,114,104,118,90,131,47,82,70,83,0,0,0,56,25,49,49,39,39,55,6,84,68,67,68,67,58,81,10,44,0,0,0,0,0,0,0,0,-25,0,0,36,28,54,58,56,52,64,64,192,184,643,643,643,643,635,621,699,614,4810,2237,29998,29997]} 1. d4 e6 2. c4 f5 3. g3 Nf6 4. Bg2 d5 5. Qc2 c6 6. Bf4 Be7 7. Nf3 O-O 8. O-O Ne4 9. Nc3 {A92: Classical Dutch: Classical Stonewall (with ...Be7): Early deviations} Nd7 {[%cal Bb8d7,Bd7f6,Bf6e4][%mdl 32]} 10. Rad1 Ndf6 (10... g5 11. Be3 Nd6 12. b3 Bf6 13. Bc1 Rf7 14. Ba3 Ne4 15. Nxe4 fxe4 16. Ne5 Nxe5 17. dxe5 {½-½ (44) Eljanov,P (2723)-Rapport,R (2671) Biel 2015}) 11. Ne5 {White is slightly better.} Bd7 12. Nxe4 (12. Na4 {keeps more tension.} Be8 13. f3 Nd6 14. b3 Nd7 15. e4) 12... Nxe4 13. f3 Nf6 $146 ({Predecessor:} 13... Nd6 14. c5 {1-0 (34) Andrianov,N (2445)-Shabtai,R (2345) Tel Aviv 1991}) 14. e4 Rc8 15. Rfe1 b5 16. exd5 exd5 17. c5 Nh5 18. Bc1 g6 19. g4 (19. Bh6 $16) 19... Ng7 20. a4 a6 21. Bd2 (21. g5 $16) 21... Bh4 $11 22. Re2 Be6 (22... Re8 $11) 23. Bh6 Qf6 24. Qd2 {Strongly threatening g5.} g5 25. Bxg7 Kxg7 26. Bh3 Kg8 (26... fxg4 $11 27. fxg4 Qh6) 27. gxf5 Bxf5 28. Bxf5 Qxf5 29. Rg2 Kh8 30. Qa5 (30. axb5 $16 axb5 31. Kh1) 30... bxa4 (30... g4 {looks sharper.} 31. Qd2 Bg5 32. fxg4 Bxd2 33. gxf5 Be3+) 31. Qxa6 (31. Qd2 {seems wilder.} Rce8 32. Nxc6 Qxf3 33. Ne5 Qf4 34. c6) 31... g4 $1 {[%cal Rg4f3]} 32. Rxg4 Bf6 ({Worse is} 32... Qc2 33. Nf7+ $1 {[%mdl 512]} Rxf7 34. Qxc8+ Bd8 35. Qxd8+ Rf8 36. Qxf8#) 33. Qxa4 Bxe5 34. dxe5 $40 {[%mdl 128] Black needs to defend precisely.} Qxe5 35. Kh1 Qf6 36. Rg3 Rb8 37. b3 Rbe8 38. Rdg1 d4 39. Qc4 Rf7 40. b4 {Hoping for b5.} Rd8 ({Black should play} 40... Rff8 $1 $14) 41. b5 $18 {Threatens to win with bxc6.} cxb5 $2 (41... Rff8 42. b6 d3) 42. Qxb5 Rff8 {[#] If Black can now play ...d3 this consolidates a bit.} 43. c6 $1 {[%cal Rc6c7] Black must now prevent c7.} Rc8 44. Qd5 d3 45. c7 {Qd7 is the strong threat.} d2 46. Qd7 Qc3 {[#]} 47. Qxh7+ {Played: Rg3-h3} 1-0